| 000 | 00669nam a22002177a 4500 | ||
|---|---|---|---|
| 999 |
_c8317 _d8317 |
||
| 001 | 21767 | ||
| 003 | BD-DhUAP | ||
| 005 | 20230605113243.0 | ||
| 008 | 230604b2009 ii a|||| |||| 000 0 eng d | ||
| 020 | _a9788130911106 | ||
| 040 |
_aBD-DhUAP _beng _cBD-DhUAP _dBD-DhUAP |
||
| 082 |
_222 _a428.24 LET |
||
| 100 |
_aLethaby, Carol. _eAuthor |
||
| 245 |
_aJust Vocabulary Elementary : _bIncludes Answer key/ _cCarol Lethaby, |
||
| 260 |
_aNew Delhi : _bViva Books, _c2009. |
||
| 300 |
_a85 p. ; _bInclude Illustrations ; CD ROM _c23 cm. |
||
| 650 |
_aElementary _vTelling Story _x Vocabulary |
||
| 700 | _aAcevedo ,Ana | ||
| 700 |
_aHarmer ,Jeremy _eAuthor |
||
| 942 |
_2ddc _cBK |
||